Zdravie človeka ako predmet vedeckého poznávania medicínskej geografie

Definovanie zdravia človeka. Morbidita. Mortalita. Náročnosť medicínsko-geografického poznávania.

Gespeichert in:
Bibliographische Detailangaben
1. Verfasser: Mládek, Jozef
Format: Buchkapitel
Sprache:Slowakisch
Schlagworte:
Tags: Tag hinzufügen
Keine Tags, Fügen Sie das erste Tag hinzu!

MARC

LEADER 00000naa a2200000 4500
001 0125885
005 20220408110718.7
041 0 |a slo 
044 |a SK 
245 1 0 |a Zdravie človeka ako predmet vedeckého poznávania medicínskej geografie  |c Jozef Mládek 
520 |a Definovanie zdravia človeka. Morbidita. Mortalita. Náročnosť medicínsko-geografického poznávania. 
610 2 0 |a štatistika demografická 
610 2 0 |a zdravie 
610 2 0 |a politika sociálna 
610 2 0 |a starostlivosť o zdravie 
100 1 |a Mládek, Jozef